100 meilleures ventes de 45 tours Année 1970 - Statistiques

Statistiques générales
  • Ce quiz a été pris 125 fois
  • Le résultat moyen est 26 sur 100
Statistiques - réponses
Classement Titres Artistes % Correct
1 L'Amérique Joe Dassin
91%
11 C'est la vie Lily Joe dassin
91%
22 La fleur aux dents Joe Dassin
91%
39 L'aigle noir Barbara
85%
18 Let it be Beatles
83%
93 The long and winding road Beatles
83%
5 Mourir de plaisir / Les bals populaires Michel Sardou
79%
15 J'habite en France Michel Sardou
79%
4 Laisse-moi t'aimer Mike Brant
70%
36 Mais dans la lumière Mike Brant
70%
54 Toute la pluie tombe sur moi Sacha Distel
57%
9 Jésus Christ Johnny Hallyday
56%
19 Ceux que l'amour a blessés Johnny Hallyday
56%
25 Deux amis pour un amour Johnny Hallyday
56%
52 Darla dirla dada Dalida
54%
43 C'est de l'eau , c'est du vent Claude François
50%
46 Une petite larme m'a trahi Claude François
50%
80 Le monde est grand, les gens sont beaux Claude François
50%
16 Gloria / Je suis un homme Michel Polnareff
46%
8 My sweet lord George Harrison
42%
17 Instant karma John Lennon
40%
68 Aime-moi Sylvie Vartan
36%
21 Lady d'Arbanville Cat Stevens
35%
27 Reviens, je t'aime Sheila
35%
33 Julietta Sheila
35%
74 Ma vie à t'aimer Sheila
35%
51 Ma vie c'est un manège Nicoletta
33%
20 Pardonne-moi ce caprice d'enfant Mireille Mathieu
32%
23 Donne ton cœur, donne ta vie Mireille Mathieu
32%
65 Mon amour me revient Mireille Mathieu
32%
34 Paranoid Black Sabbath
31%
2 In the summertime Mungo Jerry
30%
77 Maggie Mungo Jerry
30%
24 Tu veux ou tu veux pas Marcel Zanini
28%
84 Rallebol Marcel Zanini
28%
66 Je suis pour / Chérie Lise Michel Delpech
27%
48 Sois heureuse Rose Adamo
25%
99 Les belles dames Adamo
25%
29 El condor pasa ( v angl.) Simon & Garfunkel
25%
28 Rien qu'un homme Alain Barrière
24%
44 A regarder la mer Alain Barrière
24%
62 La solitude çà n'existe pas Gilbert Bécaud
24%
3 Noel 70 / Non je ne veux pas faire la guerre Poppys
24%
87 Il pleut des larmes Richard Anthony
22%
90 Na na hé hé l'espoir Richard Anthony
22%
13 It's five o'clock Aphrodite's Child
21%
89 Spring, summer, winter and fall Aphrodite's Child
21%
40 Les fleurs des gares / Le caravanier Julien Clerc
21%
69 Des jours entiers à t'aimer Julien Clerc
21%
53 Avec les filles je ne sais pas Philippe Lavil
20%
12 Balapapa Rika Zaraï
20%
26 Tante Agathe Rika Zaraï
20%
95 Up around the bend / Run through the jungle Creedence Clearwater Revival
18%
100 Travelin' band Creedence Clearwater Revival
18%
49 Le grand pardon Enrico Macias
17%
86 Ça s'arrose Enrico Macias
17%
32 Black night Deep Purple
16%
30 Ra ta ta ( vf ) Antoine
15%
98 Taxi Antoine
15%
63 Wigman Bob Dylan
14%
81 Sois érotique Les Charlots
14%
50 Les anges du matin Hervé Vilard
13%
97 Qu'est-ce qu'elle est belle Pierre Perret
13%
14 Concerto pour une voix Saint-Preux
12%
88 C'est le refrain de ma vie Petula Clark
11%
72 Cry me a river Joe Cocker
10%
47 Ça (Je t'aime moi non plus) Bourvil & Jacqueline Maillan
9%
7 Comme j'ai toujours envie d'aimer Marc Hamilton
9%
55 All right now Free
8%
67 Du fond du coeur Jean-François Michael
8%
56 Spririt in the sky Norman Greenbaum
8%
38 Never marry a railroad man Shocking Blue
8%
60 Yellow river Christie
7%
35 Pauvre Buddy River Gilles Marchal
7%
94 L'étoile filante Gilles Marchal
7%
37 La fête au village Monty
7%
75 Fleurs et bonbons Monty
7%
6 Sympathy Rare Bird
7%
41 Get ready Rare Earth
7%
57 Dis à ton fils Maurice Dulac & Marianne Mille
6%
83 Libertad Maurice Dulac & Marianne Mille
6%
31 Colombe ivre Serge Prisset
6%
76 Neanderthal Man Hotlegs
5%
85 Wandrin' star Lee Marvin
5%
82 Tzenerin Les Compagnons de la chanson
5%
71 Na Na Hey Hey Kiss Him Goodbye Steam
5%
59 Susan's tuba Freddie & the Dreamers
4%
10 Girl i've got news for you Mardi Gras
4%
58 Melancholy man Moody Blues
4%
78 Grooving with Mr Bloe Mr Bloe
4%
96 Borsalino Claude Bolling
3%
91 I'm a man Chicago
2%
45 Back in the sun Jupiter Sunset
2%
64 Un rayo del sol Los Diablos
2%
61 Are you ready ? Pacific Gas & Electric
2%
42 Ra ta ta (vo) Rotation
2%
92 Aria Ekseption
1%
73 Rock and roll music Frost
1%
79 El condor pasa ( v esp ) Los Incas
1%
70 No No No Voice of East Harlem
0%
Aucun quiz correspondant
Distribution des résultats
% des personnes avec chaque résultat
Percentile par nombre de réponses
Votre historique - résultats
Vous n’avez pas pris ce quiz